000 00620nam a22001937a 4500
999 _c14580
_d14580
003 AR-CdUCM
008 190409b ||||| |||| 00| 0 spa d
020 _a978-607-16-0240-4
040 _aMUNICIPALIDAD PROVINCIAL DEL CUSCO
_cBIBLIOTECA MUNICIPAL DEL CUSCO
082 _aPI / 808.068 /
_bP47
100 _aPescetti, Luis María
_925624
245 _aCartas al rey de la cabina /
260 _aMéxico :
_bFondo de cultura económica,
_c2010.
300 _c20 cm.
_a119 páginas ;
505 _aContenido :Cartas al rey de la cabina ...
650 _aCartas
_9213
942 _2ddc
_cLIBROS
945 _arum
_d2019-04-23